00868nam a2200241 a 450000100060000000300080000600500170001400800410003103500190007204000310009104100080012208200240013010000310015424501340018525000110031926000590033030000340038950001040042365000210052765000240054865000280057265000260060071666BD-RjUL20211209082137.0170507r19651963enka 001 0 eng  a(BD-RjUL)71882 aDLC/ICUcICUdBD-RjULbeng aeng00a532.5223bKAI 19651 aKay, J. M.q(John Menzies)13aAn introduction to fluid mechanics and heat transfer :bwith applications in chemical & mechanical process engineering /cJ M Kay a2d ed. aCambridge :bUniversity Press,c1963, [reprinted 1965] axvi, 327 p. :bill. ;c21 cm. a"Based on lectures given in the Department of Chemical Engineering at Cambridge from 1948 to 1952." 0aFluid mechanics. 0aHeatxTransmission. 0aMechanical engineering. 0aChemical engineering.